| 000 | 00644nam a2200241Ia 4500 | ||
|---|---|---|---|
| 003 | OSt | ||
| 005 | 20221007100310.0 | ||
| 006 | a|||||r|||| 00| 0 | ||
| 007 | ta | ||
| 008 | 221006b |||||||| |||| 00| 0 eng d | ||
| 024 | _a4,179 | ||
| 037 | _cTextual | ||
| 040 |
_aLCO _cLCO _beng |
||
| 041 |
_2eng _aeng |
||
| 082 | _aV2,40j64, L9 | ||
| 100 | _aBhargava B.S. | ||
| 245 | 0 | _aPanchayati Raj system and political parties | |
| 260 |
_aNew _bDelhi Ashish Pub. India _c1977 |
||
| 300 | _a536 | ||
| 650 |
_aPANCHAYATI RAJ SYSTEM _9701479 |
||
| 942 |
_hV2,40j64, L9 _cTEXL |
||
| 999 |
_c1173742 _d1173742 |
||